000 00611nam a2200217 a 4500
001 BRCA_5074
005 20190320204927.0
008 800417s1958----fr-ab#####---#000-0#fre-#
041 _afre
044 _afr
050 4 _aDQ25
_b.S87 1958
245 1 0 _aSuisse
_bguide de pneu Michelin.
250 _a2
260 _aParís
_bServices de Tourisme Michelin
_c1958
300 _a194 p.
_bil., mapas
_c25 cm.
500 _aGuía turística inventariada por Banco de México como libro
500 _aDD31
651 4 _aSuiza
_vGuías de viajeros
_xDescripción y viajes
_912936
902 _aGFM
942 _2lcc
_cB
999 _c4768
_d4768